000 00897nam a22002657a 4500
001 9357
003 FISKH
005 20251211161902.0
008 251211b cb ||||| |||| 00| 0 eng d
020 _a9780192749772
040 _aFISKH
_beng
_cFISKH
_dFISKH
050 _aPZ7.B9962 C
082 _a823.92
100 _aByrne, Richard
_eAuthor
245 _aThe case of red-bottomed robber! /
_cRichard Byrne
260 _aOxford :
_bOxford University Press ,
_c2018
300 _a28 unnumbered pages :
_bcolor illustrations ;
_c25 cm
505 _aL
520 _aThe chalks are drawing flowers on the chalkboard, but someone keeps stealing their artwork. Sergeant Blue is on the case and determined to solve the mystery. Who could the thief be?--
521 8 _a550
_bLexile AD
521 8 _aL
_bRaz-Plus
650 _aSilly stories
_vDrawing
942 _2ddc
_cBK
_n0
999 _c9357
_d9357